000 00774nam a2200217Ii 4500
003 JO-AjNU
008 230605s9999||||xx |||||||||||||| ||und||
017 _a5522
020 _a977-422-098-6
040 _aJO-AjNU
_bara
_erda
_cJO-AjNU
041 _aara
050 1 4 _aHG4026.A2222 2010
100 3 _aعبدالرحيم، عاطف جابر طه,
_eauthor
_932793
245 0 0 _aاساسيات التمويل والادارة المالية
264 3 1 _aالاسكندرية: الدار الجامعية، 2010
300 _a488ص
_bيحتوي على ببلوغرافية من 477-488ص
336 _atext
_btxt
_2rdacontent
337 _aunmediated
_bn
_2rdamedia
338 _avolume
_bnc
_2rdacarrier
650 4 _aالادارة المالية- التمويل
_932794
999 _aA13279
_c16847
_d16847